000 00265nam a22001097a 4500
082 _a294
100 _aDanielou, Alain
_930947
245 _aThe Myths and Gods of India
260 _aDelhi
_bMotilal Banarsidass Pub
_c1964
650 _aReligion
_979749
942 _cBK
999 _c63355
_d63355